000 00916nam a22002537a 4500
001 13080
003 HDC
007 cr bn ---
008 210212 my |0 eneng
040 _aHDC
110 _aMinistry of International Trade and Industry Malaysia
245 0 _aMALAYSIA INDUSTRY, INVESTMENT, TRADE AND PRODUCTIVITY PERFORMANCE :
_bFourth Quarter, 2004
260 _aMalaysia :
_bMinistry of International Trade and Industry Malaysia,
_c2004
300 _a30 pages
336 _atext
_2rdacontent
337 _acomputer
_2rdamedia
338 _aonline resource
_2rdacarrier
650 _aGlobal Trade
_99115
650 _amanufacturing sector
_96923
856 _zRequest full-text at [email protected]
942 _2lcc
942 _cEBOOK
942 _kEBOK 002051
999 _c10396
_d10396